| 000 | 00452nam a2200157Ia 4500 | ||
|---|---|---|---|
| 008 | 220216s9999 xx 000 0 und d | ||
| 100 | _aChapman A V | ||
| 245 | 0 | _aVulcanization of blends-Crosslink distribution and its effect on properties | |
| 260 |
_bKautschuk Gummi Kunststoffe _c2003 |
||
| 300 | _a533-544 | ||
| 650 | _aBlends | ||
| 650 | _aCrosslink distribution measurement | ||
| 650 | _aVulcanization | ||
| 700 | _aTinker A J | ||
| 942 | _cJS | ||
| 999 |
_c72256 _d72256 |
||